LIBRARY & INFORMATION CENTRE, KCAET, TAVANUR

ONLINE PUBLIC ACCESS CATALOGUE (OPAC)

College physics / (Record no. 10735)

MARC details
000 -LEADER
fixed length control field 00386cam a2200157ua 4500
041 ## - LANGUAGE CODE
Language code of text/sound track or separate title eng
082 ## - DEWEY DECIMAL CLASSIFICATION NUMBER
Classification number 530
Item number ROB/CO
100 ## - MAIN ENTRY--AUTHOR NAME
Personal name Robert, L .
245 ## - TITLE STATEMENT
Title College physics /
260 ## - PUBLICATION, DISTRIBUTION, ETC. (IMPRINT)
Place of publication New York :
Name of publisher McGraw Hill Book Company ,
Year of publication 1988.
300 ## - PHYSICAL DESCRIPTION
Number of Pages 640 ; .
700 1# - ADDED ENTRY--PERSONAL NAME
Personal name Marsh, Kenneth W .
942 ## - ADDED ENTRY ELEMENTS (KOHA)
Koha item type Books
Holdings
Withdrawn status Lost status Damaged status Home library Current library Date acquired Full call number Accession Number Koha item type
      KAUAET KAUAET 07/04/2012 530 ROB/CO 3359 Books
free website counter